000 00648nam a2200241 i 4500
001 C2-0295157
003 PPAK
005 20180728030759.0
008 090323s2008 xx |||| ||||| | eng d
020 _a9789834163242
040 _aPPAK
_beng
_cPPAK
_erda
082 0 4 _a658.406
_223
090 0 0 _a658.406
_bTAN
_dG
100 1 _aTan, Victor S.L.,
_eauthor
245 1 4 _aThe secret of change
264 1 _bKL Strategic Change Consulting ,
_c2008
300 _a133 pages ;
_c23 cm
336 _2rdacontent
_atext
337 _2rdamedia
_aunmediated
338 _2rdacarrier
_avolume
650 1 0 _aManagement ; Managing change
942 _ddc
_cB
999 _c99735
_d99735